Normal view
MARC view
- Jawad Ahmed, Hafiz Nouman Akram, Haris Fayyaz
Entry Personal Name
001 - CONTROL NUMBER
- control field: 92968
003 - CONTROL NUMBER IDENTIFIER
- control field: NUST
005 - DATE AND TIME OF LATEST TRANSACTION
- control field: 20220705150025.0
008 - FIXED-LENGTH DATA ELEMENTS
- fixed length control field: 220705|| aca||aabn | a|a d
040 ## - CATALOGING SOURCE
- Original cataloging agency: NUST
- Transcribing agency: NUST
100 ## - HEADING--PERSONAL NAME
- Personal name: Jawad Ahmed, Hafiz Nouman Akram, Haris Fayyaz
670 ## - SOURCE DATA FOUND
- Source citation: Work cat.: (NUST)13028: Jawad Ahmed 92967, Autonomous Quadcopter, 2014
